Propedeútica : Experiencia grupal de fenomenología y concientización
| Автор: | |
|---|---|
| Формат: | Книга |
| Мова: | Іспанська |
| Опубліковано: |
Bogotá, Colombia :
INDO-AMERICAN PRESS SERVICE,
1977
|
| Предмети: |
MARC
| LEADER | 00000nam a2200000Ia 4500 | ||
|---|---|---|---|
| 008 | 170320b1977 ck ||||| |||| 00| | spa d | ||
| 999 | |c 1158 |d 1158 | ||
| 090 | |a 301.15 |b V432p | ||
| 100 | 1 | |a Vela, Jesús Andrés |9 2587 | |
| 245 | 1 | |a Propedeútica : Experiencia grupal de fenomenología y concientización | |
| 260 | |a Bogotá, Colombia : |b INDO-AMERICAN PRESS SERVICE, |c 1977 | ||
| 300 | |a 79 páginas | ||
| 650 | 1 | 4 | |a PEDAGOGÍA |9 1770 |
| 650 | 1 | 4 | |a LENGUAJE |9 889 |
| 942 | |i 366433 |h 301.15 V432p |2 z |c 01 | ||
